000 00474nmm a2200169Ia 4500
008 251105s9999||||xx |||||||||||||||||und||
041 _aspa
100 _aSanderson, Brandon
245 0 _aElantris
264 _a[Madrid, España] :
_bEdiciones B,
_c2015
300 _a496 páginas
650 _aScience fiction & Fantasy
700 _aSanderson, Brandon
700 1 _a Marín Trechera, Rafael
856 _uhttps://public.digitaliapublishing.com/a/54053
942 _cCF
999 _c71102
_d71102